| 000 | 00721nas a2200241 4500 | ||
|---|---|---|---|
| 001 | BR7000042 | ||
| 003 | BR-BrBNA | ||
| 005 | 20231205082304.0 | ||
| 007 | ta | ||
| 008 | 230509b bl.|||p| |||| 00| 00por d | ||
| 040 |
_aBR-BrBNA _bpor _cBiblioteca Nacional de Agricultura |
||
| 041 | _a(Pt) | ||
| 072 | _aE10 | ||
| 100 | 1 | _aXavier, S. | |
| 245 | 1 | _aFinalidades, estrutura e funcionamento do IAA [Instituto do Acucar e do Alcool, Brasil] | |
| 650 | _aCANA DE ACUCAR | ||
| 650 | _aACUCAR | ||
| 650 | _aALCOOL | ||
| 650 | _aINSTITUICAO AGRICOLA | ||
| 773 | 0 |
_tBrasil Acucareiro (Brazil) _xISSN 0006-9167 _g(May 1970), v. 75(5) p. 11-17 _wBR7000042 |
|
| 909 |
_a202311 _bLúcia _c55 _dLúcia Elande |
||
| 942 |
_2AGRIS _n0 _cANA |
||
| 999 |
_c90610 _d90610 |
||